000 00297nam a22001337a 4500
008 170727b xxu||||| |||| 00| 0 eng d
020 _a3486208373
041 _aeng
080 _a004
100 _a29
101 _aSHKI
245 _aWIRTSCHAFSINFORMATIK-WORTERBUCH
_cHEINRICH
942 _2udc
_cBK
999 _c22008
_d22008